Social Revolutions in the Modern World : (Record no. 609008)

MARC details
000 -LEADER
fixed length control field 00530nam a2200193 a 4500
008 - FIXED-LENGTH DATA ELEMENTS--GENERAL INFORMATION
fixed length control field 260122s1994##################000#0#eng##
020 ## - INTERNATIONAL STANDARD BOOK NUMBER
ISBN 9780521409384
082 04 - DEWEY DECIMAL CLASSIFICATION NUMBER
Classification number 303.64
Item number SKO
100 1# - MAIN ENTRY--AUTHOR NAME
Personal name Skocpol, Theda,
245 10 - TITLE STATEMENT
Title Social Revolutions in the Modern World :
260 ## - PUBLICATION, DISTRIBUTION, ETC. (IMPRINT)
Name of publisher Cambridge University Press,
Year of publication 1994.
300 ## - PHYSICAL DESCRIPTION
Number of Pages 366 pages
650 #0 - SUBJECT ADDED ENTRY--TOPICAL TERM
Topical Term Business & Economics.
942 ## - ADDED ENTRY ELEMENTS (KOHA)
Koha item type English Books
Holdings
Withdrawn status Lost status Damaged status Not for loan Home library Current library Shelving location Date acquired Full call number Accession Number Price effective from Koha item type
        Anna Centenary Library Anna Centenary Library 3RD FLOOR, B WING 23.01.2026 303.64 SKO 234013 23.01.2026 English Books

Find us on the map